[Event "8th Vasylyshyn Mem GM"]
[Site "Lviv UKR"]
[Date "2011.12.02"]
[Round "4"]
[White "Ris,R"]
[Black "Tregubov,V"]
[Result "0-1"]
[WhiteTitle "IM"]
[WhiteElo "2400"]
[BlackElo "2397"]
[WhiteFideId "1011480"]
[BlackFideId "14119595"]
[EventDate "2011.11.29"]
[EventType "tourn"]

1. d4 Nf6 2. c4 g6 3. g3 Bg7 4. Bg2 O-O 5. Nc3 d6 6. Nf3 Nc6 7. O-O a6 8. Bf4
Rb8 9. Rc1 Bd7 10. Qd2 b5 11. Nd5 bxc4 12. Nxf6+ Bxf6 13. Rxc4 e5 14. dxe5 Nxe5
15. Nxe5 dxe5 16. Bh6 Be6 17. Rc2 Qxd2 18. Bxd2 Bxa2 19. Ra1 Be6 20. Rxa6 Rfd8
21. Bf3 e4 22. Bxe4 Rxb2 23. Rxb2 Bxb2 24. Bg5 Rd1+ 25. Kg2 Kg7 26. Rc6 Be5 27.
Bf4 Bxf4 28. gxf4 Rd4 29. Kf3 Rc4 30. h4 Kh6 31. e3 Kh5 32. Rxc4 Bxc4 33. Kg3 c5
34. Bf3+ Kh6 35. f5 g5 36. hxg5+ Kxg5 37. Be4 Bb3 38. f4+ Kf6 39. Bb1 c4 40. e4
c3 41. e5+ Ke7 42. f6+ Ke6 43. Bxh7 c2 44. Bxc2 Bxc2 45. Kg4 Bd1+ 46. Kg5 Be2
47. Kh4 Kf5 48. Kg3 Bc4 49. Kf3 Be6 50. Ke3 Kg4 51. Ke4 Bf5+ 52. Ke3 Kg3 0-1

[Event "8th Vasylyshyn Mem GM"]
[Site "Lviv UKR"]
[Date "2011.12.02"]
[Round "4"]
[White "Vovk,A"]
[Black "Vysochin,S"]
[Result "1/2-1/2"]
[WhiteTitle "GM"]
[BlackTitle "GM"]
[WhiteElo "2551"]
[BlackElo "2552"]
[WhiteFideId "14114470"]
[BlackFideId "14103516"]
[EventDate "2011.11.29"]
[EventType "tourn"]

1. e4 e6 2. d4 d5 3. Nd2 c5 4. exd5 exd5 5. Ngf3 Nc6 6. Bb5 cxd4 7. O-O Bd6 8.
Nb3 Ne7 9. Nbxd4 O-O 10. c3 Bg4 11. Qa4 Qd7 12. Bg5 a6 13. Be2 Rfe8 14. Rfe1
Nxd4 15. Qxd4 Nc6 16. Qd2 h6 17. Bf4 Bxf4 18. Qxf4 Re4 19. Qd2 Rae8 20. Kf1 d4
21. Rad1 Qc7 22. h3 dxc3 23. Qxc3 Bh5 24. Ng1 Bxe2+ 25. Rxe2 Rxe2 1/2-1/2

[Event "8th Vasylyshyn Mem GM"]
[Site "Lviv UKR"]
[Date "2011.12.03"]
[Round "5"]
[White "Vysochin,S"]
[Black "Ris,R"]
[Result "1-0"]
[WhiteTitle "GM"]
[BlackTitle "IM"]
[WhiteElo "2552"]
[BlackElo "2400"]
[WhiteFideId "14103516"]
[BlackFideId "1011480"]
[EventDate "2011.11.29"]
[EventType "tourn"]

1. e4 e5 2. Nf3 Nc6 3. Bb5 a6 4. Bxc6 dxc6 5. O-O Bg4 6. h3 h5 7. d3 Qf6 8. Be3
Bxf3 9. Qxf3 Qxf3 10. gxf3 Bd6 11. Nd2 Ne7 12. Rfb1 a5 13. a4 f6 14. Nc4 c5 15.
Kf1 g5 16. Ke2 Kf7 17. c3 Nc6 18. Rd1 Be7 19. h4 Ke6 20. Rh1 Rag8 21. Rag1 Kf7
22. Bd2 Bd8 23. Rg2 Rh7 24. Kd1 b6 25. Kc2 Rg6 26. Ne3 Ne7 27. Rgh2 gxh4 28.
Rxh4 Rg5 29. Ng4 Ng6 30. Bxg5 Nxh4 31. Nxe5+ fxe5 32. Bxd8 Nxf3 33. Bxc7 h4 34.
Bxb6 h3 35. Kd1 h2 36. Ke2 Ng1+ 37. Kf1 Rh3 38. Bxc5 Rxd3 39. Rxh2 Rd1+ 40. Kg2
Ne2 41. Be3 Rb1 42. Rh7+ Ke6 43. Rb7 1-0

[Event "8th Vasylyshyn Mem GM"]
[Site "Lviv UKR"]
[Date "2011.12.03"]
[Round "5"]
[White "Goganov,A"]
[Black "Vovk,A"]
[Result "1/2-1/2"]
[WhiteTitle "IM"]
[BlackTitle "GM"]
[WhiteElo "2484"]
[BlackElo "2551"]
[WhiteFideId "24109959"]
[BlackFideId "14114470"]
[EventDate "2011.11.29"]
[EventType "tourn"]

1. d4 Nf6 2. c4 g6 3. g3 Bg7 4. Bg2 O-O 5. Nc3 d6 6. Nf3 Nc6 7. O-O a6 8. Qd3 b5
9. cxb5 Nb4 10. Qc4 Nc2 11. Rb1 axb5 12. Qxb5 Bf5 13. e3 c6 14. Qe2 Nb4 15. e4
Bc8 16. Rd1 Nxa2 17. Bg5 h6 18. Bxf6 Bxf6 19. Nxa2 Rxa2 20. Qc4 Ra6 21. Ne5 dxe5
22. dxe5 Qc7 23. exf6 exf6 24. b4 Rb6 25. Qc5 Rb5 26. Qc3 Kg7 27. Rd5 Qb8 28.
Rc5 Bd7 29. Rd1 Be6 30. Rd4 Rd8 31. Rxb5 cxb5 32. Rxd8 Qxd8 33. Bf1 Bc4 34. Bxc4
Qc7 35. Kf1 bxc4 36. Ke2 Qc6 37. f3 Qa6 38. Kd2 h5 39. e5 fxe5 40. Qxe5+ Kh7 41.
Qc3 Kg8 42. Ke3 Qa2 43. h4 Qg2 44. Qxc4 Qxg3 45. Qf4 Qe1+ 46. Kd3 Qb1+ 47. Kc4
Qa2+ 48. Kb5 Qd5+ 49. Kb6 Qe6+ 50. Kc5 Qc8+ 51. Kd4 Qd7+ 52. Ke3 Qe6+ 53. Qe4
Qb3+ 54. Kf4 Kh7 55. Ke5 Qe6+ 56. Kd4 Qd7+ 57. Kc4 Qc7+ 58. Kb3 Qd7 59. Kc4 Qc7+
60. Kb5 Qd7+ 61. Kc4 1/2-1/2

[Event "8th Vasylyshyn Mem GM"]
[Site "Lviv UKR"]
[Date "2011.12.03"]
[Round "5"]
[White "Baghdasaryan,V"]
[Black "Vovk,Y"]
[Result "1/2-1/2"]
[BlackTitle "GM"]
[WhiteElo "2362"]
[BlackElo "2571"]
[WhiteFideId "13303139"]
[BlackFideId "14113171"]
[EventDate "2011.11.29"]
[EventType "tourn"]

1. e4 e5 2. Nf3 Nc6 3. Bb5 a6 4. Ba4 Nf6 5. O-O Be7 6. Re1 b5 7. Bb3 d6 8. c3
O-O 9. d4 Bg4 10. Be3 exd4 11. cxd4 d5 12. e5 Ne4 13. Nc3 Nxc3 14. bxc3 f5 15.
h3 Bh5 16. g4 Bg6 17. Ng5 Qd7 18. Qf3 Rad8 19. e6 Qd6 20. Nf7 fxg4 21. Nxd6 Rxf3
22. Nb7 Rxh3 23. Bd2 Rf8 24. Bxd5 g3 25. f3 Rh2 26. Bc1 Be8 27. Nc5 Rf5 28. Be4
Rfh5 29. f4 Bxc5 30. dxc5 Rxc5 31. Re3 Bg6 32. f5 Bxf5 33. Bxc6 Rxc6 34. e7 Bd7
35. e8=Q+ Bxe8 36. Rxe8+ Kf7 37. Re3 Rc2 38. Ba3 R6xc3 39. Rf1+ Kg6 40. Re6+ Kh5
41. Be7 g5 42. Rxa6 Re3 43. Bf8 Kg4 44. Rh6 Ree2 45. Rxh7 Rg2+ 46. Kh1 Rh2+ 47.
Rxh2 Rxh2+ 48. Kg1 Rxa2 49. Rf7 Rf2 50. Rxf2 gxf2+ 51. Kxf2 Kf4 52. Be7 g4 53.
Kg2 Ke4 54. Kg3 Kd4 55. Kxg4 c5 56. Kf3 c4 57. Ke2 Kc3 58. Kd1 Kb2 59. Kd2 c3+
60. Kd3 c2 61. Bf6+ Kb1 62. Bg5 b4 63. Kc4 c1=Q+ 64. Bxc1 Kxc1 65. Kxb4 1/2-1/2

[Event "8th Vasylyshyn Mem GM"]
[Site "Lviv UKR"]
[Date "2011.12.03"]
[Round "5"]
[White "Tregubov,V"]
[Black "Molnar,P SVK"]
[Result "1/2-1/2"]
[BlackTitle "FM"]
[WhiteElo "2397"]
[BlackElo "2363"]
[WhiteFideId "14119595"]
[BlackFideId "14905728"]
[EventDate "2011.11.29"]
[EventType "tourn"]

1. e4 c6 2. d4 d5 3. f3 e6 4. Be3 b6 5. Nc3 Bb4 6. h4 Ne7 7. h5 h6 8. Qd2 Ba6 9.
Nge2 c5 10. a3 Bxc3 11. Qxc3 Bxe2 12. Bxe2 Nbc6 13. O-O-O cxd4 14. Rxd4 O-O 15.
Rdd1 Qc7 16. Rh4 f5 17. Bf4 Qb7 18. Qe3 Rf6 19. g4 d4 20. Qg1 e5 21. g5 hxg5 22.
Bxg5 Rd6 23. exf5 Nxf5 24. Rg4 Qf7 25. Qf1 Na5 26. Kb1 b5 27. Qe1 Nc4 28. Re4
Nce3 29. Bxe3 dxe3 30. Rxd6 Nxd6 31. Rxe3 Qxh5 32. Qd2 Nf7 33. Bxb5 e4 34. Bc4
exf3 35. Qf2 Kh8 36. Rxf3 Ne5 37. Rf8+ Rxf8 38. Qxf8+ Kh7 39. Qg8+ Kg6 40. Qe8+
Kh6 41. Qe6+ g6 42. Bd5 a5 43. Ka2 Qe2 44. c4 Qe3 45. c5 Qd4 46. c6 Nd3 47. Qh3+
Kg7 48. Qd7+ Kh6 49. Qh3+ 1/2-1/2

[Event "8th Vasylyshyn Mem GM"]
[Site "Lviv UKR"]
[Date "2011.12.04"]
[Round "6"]
[White "Vovk,Y"]
[Black "Tregubov,V"]
[Result "1-0"]
[WhiteTitle "GM"]
[WhiteElo "2571"]
[BlackElo "2397"]
[WhiteFideId "14113171"]
[BlackFideId "14119595"]
[EventDate "2011.11.29"]
[EventType "tourn"]

1. d4 Nf6 2. c4 g6 3. Nc3 d5 4. Bg5 Bg7 5. Bxf6 Bxf6 6. cxd5 c6 7. e4 cxd5 8.
Bb5+ Bd7 9. Bxd7+ Qxd7 10. exd5 O-O 11. Nf3 Na6 12. Qb3 Rab8 13. O-O Rfd8 14.
Rfe1 Nc7 15. Ne5 Qd6 16. Nc4 Qd7 17. d6 exd6 18. Ne4 Be7 19. Ncxd6 Qe6 20. Nc4
Rxd4 21. Ned2 Qf6 22. Nf3 Rdd8 23. Nce5 Bf8 24. Ng5 Bc5 25. Nexf7 Rd5 26. Nh6+
Kg7 27. Ne4 Qf4 28. g3 Qxh6 29. Qc3+ Kf7 30. Nxc5 Qd2 31. Qb3 Qd4 32. Na6 bxa6
33. Qxb8 Ne6 34. Qb7+ Kf6 35. Qxa6 Rd6 36. Qe2 1-0

[Event "8th Vasylyshyn Mem GM"]
[Site "Lviv UKR"]
[Date "2011.12.04"]
[Round "6"]
[White "Vovk,A"]
[Black "Semcesen,D"]
[Result "1-0"]
[WhiteTitle "GM"]
[BlackTitle "IM"]
[WhiteElo "2551"]
[BlackElo "2490"]
[WhiteFideId "14114470"]
[BlackFideId "1706993"]
[EventDate "2011.11.29"]
[EventType "tourn"]

1. e4 e5 2. Nf3 Nc6 3. Bb5 a6 4. Ba4 Nf6 5. O-O Be7 6. Re1 b5 7. Bb3 d6 8. c3
O-O 9. h3 Na5 10. Bc2 c5 11. d4 Nd7 12. Nbd2 exd4 13. cxd4 Nc6 14. d5 Nce5 15.
a4 Bb7 16. Nh2 Ng6 17. g3 c4 18. b4 Bf6 19. Ra3 c3 20. Nb3 a5 21. Nxa5 Rxa5 22.
bxa5 b4 23. Rb3 Qxa5 24. Ng4 Ba6 25. Nxf6+ Nxf6 26. Qd4 Ne5 27. Kg2 Nc4 28. Bg5
Nd7 29. Reb1 f6 30. Bf4 Qc5 31. Qd3 Nde5 32. Qd1 Nb2 33. R1xb2 cxb2 34. Rxb2 Nc4
35. Rb1 g5 36. Bc1 Rb8 37. h4 h6 38. hxg5 hxg5 39. Bd3 Qd4 40. Rb3 Kg7 41. Qe2
Re8 42. Rxb4 Ne3+ 43. Bxe3 Qxb4 44. Bxa6 Qxe4+ 45. Qf3 Qxa4 46. Bd3 Qd7 47. Bd4
Qf7 1-0

[Event "8th Vasylyshyn Mem GM"]
[Site "Lviv UKR"]
[Date "2011.12.04"]
[Round "6"]
[White "Vysochin,S"]
[Black "Goganov,A"]
[Result "1/2-1/2"]
[WhiteTitle "GM"]
[BlackTitle "IM"]
[WhiteElo "2552"]
[BlackElo "2484"]
[WhiteFideId "14103516"]
[BlackFideId "24109959"]
[EventDate "2011.11.29"]
[EventType "tourn"]

1. e4 e6 2. d4 d5 3. e5 c5 4. c3 Qb6 5. Nf3 Nc6 6. a3 Bd7 7. b4 cxd4 8. cxd4 Rc8
9. Bb2 Na5 10. Nbd2 Nc4 11. Nxc4 dxc4 12. Rc1 a5 13. Nd2 axb4 14. Nxc4 Qd8 15.
a4 Nh6 16. a5 Be7 17. Bd3 O-O 18. O-O Bb5 19. Nb6 Rxc1 20. Bxc1 Bxd3 21. Qxd3
Nf5 22. Rd1 Qc7 23. Bb2 Rd8 24. d5 Qc5 25. d6 Bf8 26. Ra1 f6 27. Qb3 Nd4 28.
Bxd4 Qxd4 29. Qxe6+ Kh8 30. Re1 fxe5 31. d7 b3 32. Qe8 Qc3 33. Rf1 Qc7 34. h4 h6
35. Kh2 Kh7 36. Rb1 Bc5 37. Rxb3 Bxf2 38. h5 Bxb6 39. Qg6+ Kg8 40. Qe8+ Kh7 41.
Qg6+ 1/2-1/2

[Event "8th Vasylyshyn Mem GM"]
[Site "Lviv UKR"]
[Date "2011.12.05"]
[Round "7"]
[White "Semcesen,D"]
[Black "Vysochin,S"]
[Result "1/2-1/2"]
[WhiteTitle "IM"]
[BlackTitle "GM"]
[WhiteElo "2490"]
[BlackElo "2552"]
[WhiteFideId "1706993"]
[BlackFideId "14103516"]
[EventDate "2011.11.29"]
[EventType "tourn"]

1. d4 d5 2. c4 c6 3. Nf3 Nf6 4. Nc3 dxc4 5. a4 Bf5 6. e3 e6 7. Bxc4 Bb4 8. O-O
Nbd7 9. h3 h6 10. Qe2 Ne4 11. Nxe4 Bxe4 12. Rd1 O-O 13. Bd2 Bd6 14. Bd3 f5 15.
b4 Nf6 16. b5 Rc8 17. Be1 Qe8 18. Rdc1 c5 19. dxc5 Bxc5 20. Bxe4 Nxe4 21. Ne5
Bd6 22. Nc4 Bc5 23. Ne5 Bd6 24. Nc4 Bc5 25. Ne5 Bd6 26. Nc4 1/2-1/2

[Event "8th Vasylyshyn Mem GM"]
[Site "Lviv UKR"]
[Date "2011.12.05"]
[Round "7"]
[White "Baghdasaryan,V"]
[Black "Vovk,A"]
[Result "1-0"]
[BlackTitle "GM"]
[WhiteElo "2362"]
[BlackElo "2551"]
[WhiteFideId "13303139"]
[BlackFideId "14114470"]
[EventDate "2011.11.29"]
[EventType "tourn"]

1. e4 e5 2. Nf3 Nc6 3. Bb5 Nf6 4. O-O Nxe4 5. d4 Nd6 6. dxe5 Nxb5 7. a4 d6 8. e6
fxe6 9. axb5 Nb4 10. Ng5 Qf6 11. Ra4 Nd5 12. Re1 Nb6 13. Rf4 Qg6 14. h4 Be7 15.
Nxe6 Bxe6 16. h5 Bg4 17. Rxg4 Qf7 18. Bg5 Nd5 19. Nc3 Nxc3 20. bxc3 O-O 21. Rxe7
Qxf2+ 22. Kh2 Rf5 23. Bh4 1-0

[Event "8th Vasylyshyn Mem GM"]
[Site "Lviv UKR"]
[Date "2011.12.05"]
[Round "7"]
[White "Tregubov,V"]
[Black "Chekhov,S"]
[Result "0-1"]
[BlackTitle "FM"]
[WhiteElo "2397"]
[BlackElo "2421"]
[WhiteFideId "14119595"]
[BlackFideId "4195639"]
[EventDate "2011.11.29"]
[EventType "tourn"]

1. e4 c5 2. Nf3 e6 3. d4 cxd4 4. Nxd4 a6 5. Bd3 Bc5 6. Nb3 Ba7 7. O-O Nc6 8. Qe2
d6 9. Be3 Bxe3 10. Qxe3 Nf6 11. N1d2 O-O 12. a4 e5 13. Rfd1 Be6 14. a5 Qe7 15.
Nc4 Rad8 16. Qe1 g6 17. Qc3 Rfe8 18. Nb6 d5 19. Nc5 dxe4 20. Bxe4 Nd4 21. Re1
Nb5 22. Qf3 Nd4 23. Qc3 Nxe4 24. Nxe4 Bf5 25. Ra4 Bxe4 26. Rxe4 Qg5 27. Ra1 f5
28. Ree1 f4 29. Kh1 f3 30. gxf3 Qf5 31. Rg1 Nxf3 32. Rg3 Nd4 33. Rf1 Qe4+ 34.
Rg2 Qxc2 35. f3 Qxc3 36. bxc3 Nc6 37. Nc4 Rd3 38. Rc2 Rf8 39. Kg2 Rf4 40. Nd2
Nxa5 41. Re1 Nc4 42. Nxc4 Rxc4 43. Rb2 b5 44. Ra2 Rc6 45. Rxe5 Rdxc3 46. Re7
Rc2+ 47. Rxc2 Rxc2+ 48. Kg3 a5 49. Ra7 a4 50. h4 Rc4 51. f4 Rc3+ 52. Kg4 a3 53.
Kg5 Rc5+ 54. Kf6 Rf5+ 55. Ke6 b4 56. h5 Rxh5 0-1

[Event "8th Vasylyshyn Mem GM"]
[Site "Lviv UKR"]
[Date "2011.12.06"]
[Round "8"]
[White "Ris,R"]
[Black "Vovk,Y"]
[Result "0-1"]
[WhiteTitle "IM"]
[BlackTitle "GM"]
[WhiteElo "2400"]
[BlackElo "2571"]
[WhiteFideId "1011480"]
[BlackFideId "14113171"]
[EventDate "2011.11.29"]
[EventType "tourn"]

1. d4 Nf6 2. c4 e6 3. Nf3 c5 4. e3 d5 5. Nc3 Nc6 6. a3 cxd4 7. exd4 Be7 8. Bg5
O-O 9. Rc1 h6 10. Bh4 b6 11. Bd3 dxc4 12. Bxc4 Bb7 13. Ba2 Nh5 14. Bg3 Nxg3 15.
hxg3 Bf6 16. Ne2 Rc8 17. O-O Ne7 18. Qd3 Qd6 19. Rfd1 Rxc1 20. Rxc1 Rd8 21. Bb1
g6 22. Rd1 Nf5 23. Nc3 Nxd4 24. Nxd4 Bxd4 25. Nb5 Qd5 0-1

[Event "8th Vasylyshyn Mem GM"]
[Site "Lviv UKR"]
[Date "2011.12.06"]
[Round "8"]
[White "Chekhov,S"]
[Black "Molnar,P SVK"]
[Result "1/2-1/2"]
[WhiteTitle "FM"]
[BlackTitle "FM"]
[WhiteElo "2421"]
[BlackElo "2363"]
[WhiteFideId "4195639"]
[BlackFideId "14905728"]
[EventDate "2011.11.29"]
[EventType "tourn"]

1. e4 e6 2. d4 d5 3. Nd2 dxe4 4. Nxe4 Bd7 5. Nf3 Bc6 6. Bd3 Nd7 7. Qe2 Ngf6 8.
O-O Bxe4 9. Bxe4 Nxe4 10. Qxe4 c6 11. Bg5 Be7 12. Bxe7 Qxe7 13. c3 O-O 14. Rad1
Rad8 1/2-1/2

[Event "8th Vasylyshyn Mem GM"]
[Site "Lviv UKR"]
[Date "2011.12.06"]
[Round "8"]
[White "Vovk,A"]
[Black "Tregubov,V"]
[Result "1-0"]
[WhiteTitle "GM"]
[WhiteElo "2551"]
[BlackElo "2397"]
[WhiteFideId "14114470"]
[BlackFideId "14119595"]
[EventDate "2011.11.29"]
[EventType "tourn"]

1. e4 c5 2. Nf3 d6 3. d4 cxd4 4. Nxd4 Nf6 5. Nc3 a6 6. Bg5 e6 7. f4 Be7 8. Qf3
h6 9. Bh4 Qc7 10. O-O-O Nbd7 11. Bg3 b5 12. e5 Bb7 13. Qe2 dxe5 14. fxe5 Nd5 15.
Nxd5 Bxd5 16. Nf5 Bc4 17. Qf3 Bg5+ 18. Kb1 O-O 19. h4 Bf4 20. Bxf4 exf5 21. Bxc4
bxc4 22. e6 Ne5 23. Qg3 1-0

[Event "8th Vasylyshyn Mem GM"]
[Site "Lviv UKR"]
[Date "2011.12.06"]
[Round "8"]
[White "Goganov,A"]
[Black "Semcesen,D"]
[Result "1-0"]
[WhiteTitle "IM"]
[BlackTitle "IM"]
[WhiteElo "2484"]
[BlackElo "2490"]
[WhiteFideId "24109959"]
[BlackFideId "1706993"]
[EventDate "2011.11.29"]
[EventType "tourn"]

1. c4 b6 2. Nc3 Bb7 3. d4 e6 4. e4 Bb4 5. Bd3 f5 6. Qh5+ g6 7. Qe2 Nf6 8. f3 Nc6
9. Be3 fxe4 10. fxe4 e5 11. d5 Nd4 12. Bxd4 exd4 13. a3 Ba5 14. b4 dxc3 15. Nf3
O-O 16. O-O Bxb4 17. axb4 Qe7 18. e5 Nh5 19. Qc2 Qg7 20. Qxc3 d6 21. Rfe1 Rfe8
22. Qd4 dxe5 23. Nxe5 Nf6 24. Nf3 Rxe1+ 25. Rxe1 Re8 26. Re5 Qf8 27. Rxe8 Nxe8
28. c5 Nf6 29. Bc4 Kg7 30. Ne5 Bc8 31. d6 cxd6 32. cxd6 Qe8 33. g4 g5 34. h4 h6
35. hxg5 hxg5 36. Qe3 Nh7 37. Bd3 Bxg4 38. Nxg4 Qxe3+ 39. Nxe3 Nf8 40. Bf5 Kf7
41. Nd5 Ne6 42. d7 1-0

[Event "8th Vasylyshyn Mem GM"]
[Site "Lviv UKR"]
[Date "2011.12.07"]
[Round "9"]
[White "Tregubov,V"]
[Black "Vysochin,S"]
[Result "0-1"]
[BlackTitle "GM"]
[WhiteElo "2397"]
[BlackElo "2552"]
[WhiteFideId "14119595"]
[BlackFideId "14103516"]
[EventDate "2011.11.29"]
[EventType "tourn"]

1. e4 e6 2. d4 d5 3. Nc3 Bb4 4. e5 c5 5. Bd2 Ne7 6. Nb5 Bxd2+ 7. Qxd2 O-O 8. f4
Bd7 9. Nd6 Qb6 10. O-O-O Nbc6 11. Nf3 f6 12. exf6 Rxf6 13. Ne5 Nb8 14. dxc5 Qxc5
15. Nxb7 Qc7 16. Na5 Ba4 17. Bd3 Nd7 18. Nxd7 Bxd7 19. g3 Rb8 20. Rhe1 Qb6 21.
Qc3 Rff8 22. Qa3 Rfe8 23. Re5 Rbc8 24. Rde1 Rc5 25. Nb3 Rc7 26. Qa5 Qb8 27. Nd4
Rb7 28. Qa3 Rb4 29. c3 Rxd4 30. cxd4 Nc6 31. R5e3 Nxd4 32. Kb1 Nc6 33. Rc1 Nb4
34. Bxh7+ Kxh7 35. Rb3 e5 36. Rxb4 Bf5+ 37. Ka1 Rc8 38. Rxc8 Qxc8 39. Qc3 Qa6
40. Qe1 e4 41. a3 e3 42. g4 Be4 43. Qxe3 Qf1+ 44. Ka2 Bc2 0-1

[Event "8th Vasylyshyn Mem GM"]
[Site "Lviv UKR"]
[Date "2011.12.07"]
[Round "9"]
[White "Molnar,P SVK"]
[Black "Vovk,A"]
[Result "1/2-1/2"]
[WhiteTitle "FM"]
[BlackTitle "GM"]
[WhiteElo "2363"]
[BlackElo "2551"]
[WhiteFideId "14905728"]
[BlackFideId "14114470"]
[EventDate "2011.11.29"]
[EventType "tourn"]

1. d4 Nf6 2. Nf3 g6 3. c3 Bg7 4. Bg5 O-O 5. Nbd2 h6 6. Bh4 d6 7. e3 b6 8. Be2
Bb7 9. O-O Nbd7 10. a4 a6 1/2-1/2

[Event "8th Vasylyshyn Mem IM"]
[Site "Lviv UKR"]
[Date "2011.11.29"]
[Round "1"]
[White "Shtembuliak,E"]
[Black "Nester,I"]
[Result "1/2-1/2"]
[WhiteTitle "FM"]
[BlackTitle "IM"]
[WhiteElo "2119"]
[BlackElo "2341"]
[WhiteFideId "14113325"]
[BlackFideId "14107600"]
[EventDate "2011.11.29"]
[EventType "tourn"]

1. e4 e5 2. Nf3 Nc6 3. Bc4 Nf6 4. d4 exd4 5. O-O d6 6. Nxd4 Nxd4 7. Qxd4 Be7 8.
Nc3 O-O 9. b3 c6 10. a4 Ng4 11. Bb2 Bf6 12. Qd2 Qa5 13. h3 Ne5 14. Be2 Ng6 15.
Rad1 b6 16. f4 Rd8 17. e5 dxe5 18. Qxd8+ Bxd8 19. Rxd8+ Nf8 20. Ne4 b5 21. Rfd1
Bb7 22. Rxa8 Bxa8 23. Bxe5 bxa4 24. Bc4 axb3 25. cxb3 c5 26. Ng5 Qa2 27. Bxf7+
Kh8 28. Nf3 Bxf3 29. gxf3 Qa5 30. Kh2 Ng6 31. Rd7 Nxe5 32. fxe5 g5 33. Bc4 Qa2+
34. Kg3 Qa1 35. Rd8+ Kg7 36. f4 Qe1+ 37. Kf3 Qh1+ 38. Kg3 gxf4+ 39. Kxf4 Qxh3
40. Rg8+ Kh6 41. e6 Qh4+ 42. Ke5 Qd4+ 43. Kf5 Qf2+ 44. Ke5 Qd4+ 45. Kf5 Qf2+ 1/2-1/2

[Event "8th Vasylyshyn Mem IM"]
[Site "Lviv UKR"]
[Date "2011.11.29"]
[Round "1"]
[White "Volovikov,An"]
[Black "Vetoshko,V"]
[Result "0-1"]
[WhiteTitle "FM"]
[WhiteElo "2315"]
[BlackElo "2242"]
[WhiteFideId "14120283"]
[BlackFideId "14122480"]
[EventDate "2011.11.29"]
[EventType "tourn"]

1. e4 c5 2. Nc3 e6 3. f4 Nc6 4. Nf3 a6 5. d3 d5 6. g4 dxe4 7. dxe4 Qxd1+ 8. Nxd1
Nf6 9. Nf2 h6 10. e5 Nd7 11. c3 Be7 12. Bg2 O-O 13. O-O Nb6 14. Ne4 Nd5 15. c4
Ndb4 16. Ne1 Nd4 17. a3 Nbc6 18. Nd3 Nb3 19. Rb1 Rd8 20. Rd1 Rd4 21. Be3 Rxc4
22. Nc3 Ncd4 23. Bf1 Nc2 24. Bd2 b5 25. Nf2 Nbd4 26. Bxc4 bxc4 27. Nfe4 Bb7 28.
Rf1 Rd8 29. Rbd1 Nb3 30. Bc1 Rd4 31. Nd6 Bc6 32. Ne2 Rxd1 33. Rxd1 Bf3 34. Kf2
Ncd4 35. Nxd4 Bxd1 36. Nxb3 cxb3 37. Be3 Bh4+ 38. Kf1 Bxg4 39. Bxc5 g5 40. fxg5
Bxg5 41. Ne4 Bh3+ 42. Kf2 Bf4 43. Bd4 Bxh2 44. Nc5 h5 45. Nxa6 h4 46. Nc5 Bg3+
47. Kf3 Bf5 48. Nxb3 f6 49. Nd2 fxe5 50. Bg1 e4+ 51. Nxe4 Bxe4+ 52. Kxe4 h3 53.
a4 h2 54. Bxh2 Bxh2 55. a5 Kf7 56. b4 Ke7 57. a6 Bg1 58. Ke5 Ba7 59. b5 Bb6 60.
Ke4 Kd6 61. Kd3 Kd5 62. Kc3 e5 63. Kd3 e4+ 0-1

[Event "8th Vasylyshyn Mem IM"]
[Site "Lviv UKR"]
[Date "2011.11.29"]
[Round "1"]
[White "Zajarnyi,A"]
[Black "Terletsky,O"]
[Result "1-0"]
[WhiteTitle "IM"]
[WhiteElo "2333"]
[BlackElo "2185"]
[WhiteFideId "13900315"]
[BlackFideId "14116774"]
[EventDate "2011.11.29"]
[EventType "tourn"]

1. e4 e5 2. Nf3 Nc6 3. Nc3 Nf6 4. g3 Bc5 5. Bg2 d6 6. d3 a6 7. Be3 O-O 8. O-O
Bxe3 9. fxe3 Ne7 10. Nh4 c6 11. Qd2 Be6 12. h3 d5 13. g4 dxe4 14. g5 Nfd5 15.
Nxe4 Qb6 16. Rae1 Nf4 17. Kh2 Nxg2 18. Qxg2 Rad8 19. b3 Kh8 20. Rf3 Qa5 21. Ref1
Bd5 22. Qg4 Qxa2 23. R1f2 Qa5 24. Qh5 Bxe4 25. dxe4 g6 26. Qg4 Rd2 27. Qg3 Kg8
28. Rxd2 Qxd2+ 29. Rf2 Qe1 30. Nf3 Qxe3 31. Nxe5 Qxe4 32. Nd7 Qd4 33. Nxf8 Kxf8
34. Qb8+ Kg7 35. Qf4 Qxf4+ 36. Rxf4 Nd5 37. Rd4 h6 38. c4 Nb6 39. gxh6+ Kxh6 40.
Rd8 f5 41. Kg3 Kg5 42. h4+ Kf6 43. Kf4 a5 44. Rd6+ Kf7 45. Kg5 a4 46. bxa4 Nxa4
47. Rf6+ 1-0

[Event "8th Vasylyshyn Mem IM"]
[Site "Lviv UKR"]
[Date "2011.11.29"]
[Round "1"]
[White "Kostin,Alexe"]
[Black "Petrosyan,T1"]
[Result "1-0"]
[WhiteTitle "IM"]
[WhiteElo "2333"]
[BlackElo "2255"]
[WhiteFideId "4120736"]
[BlackFideId "13303678"]
[EventDate "2011.11.29"]
[EventType "tourn"]

1. e4 g6 2. d4 Bg7 3. Nf3 d6 4. Nc3 Nf6 5. h3 c6 6. Be2 Qc7 7. Be3 Nbd7 8. Qd2
b5 9. a3 a6 10. O-O O-O 11. Rfe1 c5 12. dxc5 Nxc5 13. Bd3 Bb7 14. Bh6 e5 15.
Rad1 Rfe8 16. Qg5 Bxh6 17. Qxh6 d5 18. Ng5 d4 19. Nb1 Ne6 20. Nxe6 Rxe6 21. Nd2
Qc5 22. Nf3 Qf8 23. Qh4 Kg7 24. Ng5 Ree8 25. f4 exf4 26. e5 Nh5 27. e6 f6 28. e7
Rxe7 29. Ne6+ Rxe6 30. Rxe6 Bd5 31. Ree1 Qc5 32. b4 Qd6 33. Qf2 f3 34. Be4 Bxe4
35. Rxe4 fxg2 36. Rdxd4 Qc7 37. Qd2 Ra7 38. Rd6 g5 39. Red4 Kh6 40. h4 Qg7 41.
Rg4 Nf4 42. hxg5+ 1-0

[Event "8th Vasylyshyn Mem IM"]
[Site "Lviv UKR"]
[Date "2011.11.30"]
[Round "2"]
[White "Vetoshko,V"]
[Black "Zajarnyi,A"]
[Result "1/2-1/2"]
[BlackTitle "IM"]
[WhiteElo "2242"]
[BlackElo "2333"]
[WhiteFideId "14122480"]
[BlackFideId "13900315"]
[EventDate "2011.11.29"]
[EventType "tourn"]

1. e4 Nc6 2. Nf3 d6 3. d4 Nf6 4. Nc3 g6 5. h3 Bg7 6. Be3 O-O 7. Qd2 e5 8. d5 Ne7
9. O-O-O Ne8 10. g4 f5 11. gxf5 gxf5 12. exf5 Nxf5 13. Bg5 Nf6 14. Bd3 Qe8 15.
Rhg1 Kh8 16. Bxf5 Bxf5 17. Bh6 Bxh6 18. Qxh6 Qf7 19. Nh4 Ng8 20. Qg5 Ne7 21. Nb5
Rac8 22. Nxa7 Ra8 23. Nb5 Rxa2 24. Kb1 Ra5 25. Nxc7 Bxc2+ 26. Kxc2 Rc5+ 27. Kb3
Rxc7 28. Qh6 Qf6 29. Rg6 Nxg6 30. Nxg6+ Kg8 31. Qxf8+ Qxf8 32. Nxf8 Kxf8 33. Rd2
Rc5 34. Ka4 Ke7 35. b4 Rc3 36. Kb5 Rxh3 37. Rc2 Rd3 38. Rc7+ Kf6 39. Rxh7 Rxd5+
40. Kb6 Rd2 41. b5 Rxf2 42. Rh6+ Ke7 43. Kxb7 e4 44. b6 Rc2 45. Ka7 Ra2+ 46. Kb8
e3 47. b7 e2 48. Rh1 d5 49. Kc7 Rc2+ 50. Kb6 d4 51. b8=Q Rb2+ 52. Kc5 1/2-1/2